A New generation of addition curing silicone heat vulcanizing rubbers (Record no. 53429)

MARC details
000 -LEADER
fixed length control field 00437nam a2200169Ia 4500
100 ## - MAIN ENTRY--AUTHOR NAME
Personal name Ganter Beate
245 #2 - TITLE STATEMENT
Title A New generation of addition curing silicone heat vulcanizing rubbers
260 ## - PUBLICATION, DISTRIBUTION, ETC. (IMPRINT)
Name of publisher Rubber World
Year of publication 2001
300 ## - PHYSICAL DESCRIPTION
Number of Pages 30-32,36
650 ## - SUBJECT ADDED ENTRY--TOPICAL TERM
Topical Term Curing
650 ## - SUBJECT ADDED ENTRY--TOPICAL TERM
Topical Term Heat vulcanizing
650 ## - SUBJECT ADDED ENTRY--TOPICAL TERM
Topical Term Silicone
700 ## - ADDED ENTRY--PERSONAL NAME
Personal name Box Emil
700 ## - ADDED ENTRY--PERSONAL NAME
Personal name Wang Yi-Feng
942 ## - ADDED ENTRY ELEMENTS (KOHA)
Koha item type Journals
Holdings
Withdrawn status Lost status Damaged status Not for loan Home library Current library Shelving location Date acquired Serial Enumeration / chronology Koha item type
      Journals RRII Library RRII Library Rubber chemistry 17/12/2021 Volume 224, Issue 3 Journals